Statistics for Brawl Stars Brawlers

Click here to take the quiz!

General Stats

  • This quiz has been taken 6 times
  • The average score is 40 of 54

Answer Stats

HintAnswer% Correct
Trophy Road8-Bit
100%
Trophy RoadBo
100%
Trophy RoadBull
100%
Trophy RoadColt
100%
RareEl Primo
100%
Trophy RoadJessie
100%
LegendaryLeon
100%
Trophy RoadNita
100%
RareRosa
100%
StarterShelly
100%
RareBarley
80%
EpicBea
80%
Trophy RoadBrock
80%
Super RareCarl
80%
ChromaticColette
80%
Super RareDarryl
80%
Trophy RoadDynamike
80%
EpicEdgar
80%
Trophy RoadEmz
80%
EpicFrank
80%
EpicGriff
80%
Super RareJacky
80%
ChromaticLola
80%
LegendaryMeg
80%
MythicMortis
80%
EpicNani
80%
Super RarePenny
80%
RarePoco
80%
LegendarySpike
80%
MythicSqueak
80%
Trophy RoadStu
80%
ChromaticSurge
80%
Trophy RoadTick
80%
LegendaryAmber
60%
ChromaticAsh
60%
EpicBibi
60%
MythicByron
60%
ChromaticColonel Ruffs
60%
LegendaryCrow
60%
ChromaticGale
60%
MythicGene
60%
EpicGrom
60%
ChromaticLou
60%
MythicMax
60%
EpicPam
60%
EpicPiper
60%
Super RareRico
60%
LegendarySandy
60%
MythicSprout
60%
MythicTara
60%
ChromaticBelle
40%
ChromaticBuzz
40%
ChromaticFang
40%
MythicMr. P
40%

Score Distribution

Percentile by Number Answered

Percent of People with Each Score

Your Score History

You have not taken this quiz